<?xml version="1.0" encoding="UTF-8"?>
<collection xmlns:xsi="http://www.w3.org/2001/XMLSchema-instance" xsi:schemaLocation="http://www.loc.gov/MARC21/slim http://www.loc.gov/standards/marcxml/schema/MARC21slim.xsd" xmlns="http://www.loc.gov/MARC21/slim">
 <record>
  <leader>00000cam a2200000 cc4500</leader>
  <controlfield tag="001">1940327466</controlfield>
  <controlfield tag="003">DE-627</controlfield>
  <controlfield tag="005">20260310114011.0</controlfield>
  <controlfield tag="007">cr uuu---uuuuu</controlfield>
  <controlfield tag="008">251105s1904    xx |||||o     00| ||ger c</controlfield>
  <datafield tag="035" ind1=" " ind2=" ">
   <subfield code="a">(DE-627)1940327466</subfield>
  </datafield>
  <datafield tag="035" ind1=" " ind2=" ">
   <subfield code="a">(DE-599)KXP1940327466</subfield>
  </datafield>
  <datafield tag="035" ind1=" " ind2=" ">
   <subfield code="a">(OCoLC)1548370802</subfield>
  </datafield>
  <datafield tag="040" ind1=" " ind2=" ">
   <subfield code="a">DE-627</subfield>
   <subfield code="b">ger</subfield>
   <subfield code="c">DE-627</subfield>
   <subfield code="e">rda</subfield>
  </datafield>
  <datafield tag="041" ind1=" " ind2=" ">
   <subfield code="a">ger</subfield>
  </datafield>
  <datafield tag="044" ind1=" " ind2=" ">
   <subfield code="c">XA-DXDE</subfield>
  </datafield>
  <datafield tag="084" ind1=" " ind2=" ">
   <subfield code="a">30</subfield>
   <subfield code="2">ssgn</subfield>
  </datafield>
  <datafield tag="084" ind1=" " ind2=" ">
   <subfield code="a">f2013:0221</subfield>
   <subfield code="2">isced</subfield>
  </datafield>
  <datafield tag="084" ind1=" " ind2=" ">
   <subfield code="a">p2011:2</subfield>
   <subfield code="2">isced</subfield>
  </datafield>
  <datafield tag="245" ind1="0" ind2="0">
   <subfield code="a">Evangelisches Religionsbuch</subfield>
   <subfield code="n">4. Teil</subfield>
   <subfield code="p">Lesebuch zur Kirchengeschichte für höhere Lehranstalten und zum Selbststudium</subfield>
   <subfield code="n">1. Band</subfield>
   <subfield code="p">Bis zur Reformation</subfield>
   <subfield code="c">von A. Reukauf und E. Heyn</subfield>
  </datafield>
  <datafield tag="256" ind1=" " ind2=" ">
   <subfield code="a">TIFF, Vers. 6.0, 400 ppi, 24 bit (Farbe), RGB; Digitalisierungsvorlage: Primärausgabe</subfield>
  </datafield>
  <datafield tag="264" ind1=" " ind2="1">
   <subfield code="a">Leipzig</subfield>
   <subfield code="b">Verlag von Ernst Wunderlich</subfield>
   <subfield code="c">1904</subfield>
  </datafield>
  <datafield tag="264" ind1=" " ind2="3">
   <subfield code="a">Leipzig</subfield>
   <subfield code="b">Druck von Hesse &amp; Becker</subfield>
   <subfield code="c">1904</subfield>
  </datafield>
  <datafield tag="300" ind1=" " ind2=" ">
   <subfield code="a">VI, 176 Seiten</subfield>
  </datafield>
  <datafield tag="336" ind1=" " ind2=" ">
   <subfield code="a">Text</subfield>
   <subfield code="b">txt</subfield>
   <subfield code="2">rdacontent</subfield>
  </datafield>
  <datafield tag="337" ind1=" " ind2=" ">
   <subfield code="a">Computermedien</subfield>
   <subfield code="b">c</subfield>
   <subfield code="2">rdamedia</subfield>
  </datafield>
  <datafield tag="338" ind1=" " ind2=" ">
   <subfield code="a">Online-Ressource</subfield>
   <subfield code="b">cr</subfield>
   <subfield code="2">rdacarrier</subfield>
  </datafield>
  <datafield tag="385" ind1=" " ind2=" ">
   <subfield code="a">Schüler</subfield>
   <subfield code="0">(DE-588)4053369-4</subfield>
   <subfield code="0">(DE-627)106167367</subfield>
   <subfield code="0">(DE-576)20910354X</subfield>
  </datafield>
  <datafield tag="506" ind1="0" ind2=" ">
   <subfield code="q">DE-Bs78</subfield>
   <subfield code="a">Open Access</subfield>
   <subfield code="e">Controlled Vocabulary for Access Rights</subfield>
   <subfield code="u">http://purl.org/coar/access_right/c_abf2</subfield>
  </datafield>
  <datafield tag="533" ind1=" " ind2=" ">
   <subfield code="a">Online-Ausgabe</subfield>
   <subfield code="b">Braunschweig</subfield>
   <subfield code="c">Leibniz-Institut für Bildungsmedien | Georg-Eckert-Institut</subfield>
   <subfield code="d">2025</subfield>
   <subfield code="e">1 Online-Ressource</subfield>
   <subfield code="7">|2025||||||||||</subfield>
  </datafield>
  <datafield tag="535" ind1="1" ind2=" ">
   <subfield code="a">GEI Braunschweig</subfield>
   <subfield code="3">WDG-II 31(1,04)4,1</subfield>
  </datafield>
  <datafield tag="540" ind1=" " ind2=" ">
   <subfield code="q">DE-Bs78</subfield>
   <subfield code="a">Public Domain Mark 1.0</subfield>
   <subfield code="f">PDM 1.0</subfield>
   <subfield code="2">cc</subfield>
   <subfield code="u">http://creativecommons.org/publicdomain/mark/1.0/</subfield>
  </datafield>
  <datafield tag="546" ind1=" " ind2=" ">
   <subfield code="a">Fraktur</subfield>
  </datafield>
  <datafield tag="655" ind1=" " ind2="7">
   <subfield code="a">Schulbuch</subfield>
   <subfield code="0">(DE-588)4053458-3</subfield>
   <subfield code="0">(DE-627)104383704</subfield>
   <subfield code="0">(DE-576)209103922</subfield>
   <subfield code="2">gnd-content</subfield>
  </datafield>
  <datafield tag="689" ind1="0" ind2="0">
   <subfield code="D">s</subfield>
   <subfield code="0">(DE-588)4030720-7</subfield>
   <subfield code="0">(DE-627)104814403</subfield>
   <subfield code="0">(DE-576)208988815</subfield>
   <subfield code="a">Kirchengeschichte</subfield>
   <subfield code="2">gnd</subfield>
  </datafield>
  <datafield tag="689" ind1="0" ind2="1">
   <subfield code="D">s</subfield>
   <subfield code="0">(DE-588)4071045-2</subfield>
   <subfield code="0">(DE-627)104814217</subfield>
   <subfield code="0">(DE-576)209182733</subfield>
   <subfield code="a">Evangelischer Religionsunterricht</subfield>
   <subfield code="2">gnd</subfield>
  </datafield>
  <datafield tag="689" ind1="0" ind2="2">
   <subfield code="D">s</subfield>
   <subfield code="0">(DE-588)4025356-9</subfield>
   <subfield code="0">(DE-627)104767839</subfield>
   <subfield code="0">(DE-576)208960317</subfield>
   <subfield code="a">Höhere Schule</subfield>
   <subfield code="2">gnd</subfield>
  </datafield>
  <datafield tag="689" ind1="0" ind2="3">
   <subfield code="D">s</subfield>
   <subfield code="0">(DE-588)4134838-2</subfield>
   <subfield code="0">(DE-627)105669601</subfield>
   <subfield code="0">(DE-576)20965564X</subfield>
   <subfield code="a">Lyzeum</subfield>
   <subfield code="2">gnd</subfield>
  </datafield>
  <datafield tag="689" ind1="0" ind2="4">
   <subfield code="D">s</subfield>
   <subfield code="0">(DE-588)4180852-6</subfield>
   <subfield code="0">(DE-627)104648538</subfield>
   <subfield code="0">(DE-576)210000902</subfield>
   <subfield code="a">Selbststudium</subfield>
   <subfield code="2">gnd</subfield>
  </datafield>
  <datafield tag="689" ind1="0" ind2="5">
   <subfield code="D">s</subfield>
   <subfield code="0">(DE-588)4054365-1</subfield>
   <subfield code="0">(DE-627)106162993</subfield>
   <subfield code="0">(DE-576)209108401</subfield>
   <subfield code="a">Sekundarstufe 1</subfield>
   <subfield code="2">gnd</subfield>
  </datafield>
  <datafield tag="689" ind1="0" ind2="6">
   <subfield code="D">g</subfield>
   <subfield code="0">(DE-588)4011882-4</subfield>
   <subfield code="0">(DE-627)104704861</subfield>
   <subfield code="0">(DE-576)208896155</subfield>
   <subfield code="a">Deutschland</subfield>
   <subfield code="2">gnd</subfield>
  </datafield>
  <datafield tag="689" ind1="0" ind2=" ">
   <subfield code="5">(DE-627)</subfield>
  </datafield>
  <datafield tag="700" ind1="1" ind2=" ">
   <subfield code="a">Reukauf, August</subfield>
   <subfield code="d">1867-1941</subfield>
   <subfield code="e">herausgeberin</subfield>
   <subfield code="0">(DE-588)118891901</subfield>
   <subfield code="0">(DE-627)07966833X</subfield>
   <subfield code="0">(DE-576)210300310</subfield>
   <subfield code="4">edt</subfield>
  </datafield>
  <datafield tag="700" ind1="1" ind2=" ">
   <subfield code="a">Heyn, Ernst</subfield>
   <subfield code="d">1860-1926</subfield>
   <subfield code="e">herausgeberin</subfield>
   <subfield code="0">(DE-588)102259453</subfield>
   <subfield code="0">(DE-627)639544460</subfield>
   <subfield code="0">(DE-576)333556194</subfield>
   <subfield code="4">edt</subfield>
  </datafield>
  <datafield tag="710" ind1="2" ind2=" ">
   <subfield code="a">Ernst Wunderlich</subfield>
   <subfield code="g">Firma</subfield>
   <subfield code="e">Verlag</subfield>
   <subfield code="0">(DE-588)1058047299</subfield>
   <subfield code="0">(DE-627)796346186</subfield>
   <subfield code="0">(DE-576)414046048</subfield>
   <subfield code="4">pbl</subfield>
  </datafield>
  <datafield tag="710" ind1="2" ind2=" ">
   <subfield code="a">Hesse &amp; Becker</subfield>
   <subfield code="e">DruckerIn</subfield>
   <subfield code="0">(DE-588)5556137-8</subfield>
   <subfield code="0">(DE-627)385672551</subfield>
   <subfield code="0">(DE-576)199677050</subfield>
   <subfield code="4">prt</subfield>
  </datafield>
  <datafield tag="751" ind1=" " ind2=" ">
   <subfield code="a">Leipzig</subfield>
   <subfield code="0">(DE-588)4035206-7</subfield>
   <subfield code="0">(DE-627)104798998</subfield>
   <subfield code="0">(DE-576)209011246</subfield>
   <subfield code="4">pup</subfield>
  </datafield>
  <datafield tag="773" ind1="1" ind2="8">
   <subfield code="w">(DE-627)1901023699</subfield>
   <subfield code="g">Ausgabe A, 4. Teil, 1. Band</subfield>
   <subfield code="q">a,4,1.1904</subfield>
   <subfield code="7">nnam</subfield>
  </datafield>
  <datafield tag="776" ind1="0" ind2="8">
   <subfield code="i">Elektronische Reproduktion von</subfield>
   <subfield code="t">Evangelisches Religionsbuch ; Ausgabe A, 4. Teil, 1. Band: Lesebuch zur Kirchengeschichte für höhere Lehranstalten und zum Selbststudium: Bis zur Reformation</subfield>
   <subfield code="d">Leipzig : Verlag von Ernst Wunderlich, 1904</subfield>
   <subfield code="h">VI, 176 Seiten</subfield>
   <subfield code="w">(DE-627)515222143</subfield>
   <subfield code="n">GEI Braunschweig -- WDG-II 31(1,04)4,1</subfield>
  </datafield>
  <datafield tag="856" ind1="4" ind2="0">
   <subfield code="u">http://gei-digital.gei.de/cms/ppnresolver/?PPN1940327466</subfield>
   <subfield code="x">Digitalisierung</subfield>
   <subfield code="z">kostenfrei</subfield>
   <subfield code="7">0</subfield>
  </datafield>
  <datafield tag="912" ind1=" " ind2=" ">
   <subfield code="a">GBV_ILN_216</subfield>
  </datafield>
  <datafield tag="912" ind1=" " ind2=" ">
   <subfield code="a">ISIL_DE-Bs78</subfield>
  </datafield>
  <datafield tag="912" ind1=" " ind2=" ">
   <subfield code="a">SYSFLAG_1</subfield>
  </datafield>
  <datafield tag="912" ind1=" " ind2=" ">
   <subfield code="a">GBV_KXP</subfield>
  </datafield>
  <datafield tag="912" ind1=" " ind2=" ">
   <subfield code="a">GBV_ILN_2403</subfield>
  </datafield>
  <datafield tag="912" ind1=" " ind2=" ">
   <subfield code="a">ISIL_DE-LFER</subfield>
  </datafield>
  <datafield tag="951" ind1=" " ind2=" ">
   <subfield code="a">MV</subfield>
  </datafield>
  <datafield tag="980" ind1=" " ind2=" ">
   <subfield code="2">216</subfield>
   <subfield code="1">01</subfield>
   <subfield code="x">3708</subfield>
   <subfield code="b">4797123842</subfield>
   <subfield code="h">gd15</subfield>
   <subfield code="y">zsb</subfield>
   <subfield code="z">05-11-25</subfield>
  </datafield>
  <datafield tag="980" ind1=" " ind2=" ">
   <subfield code="2">2403</subfield>
   <subfield code="1">01</subfield>
   <subfield code="x">DE-LFER</subfield>
   <subfield code="b">4948484342</subfield>
   <subfield code="c">00</subfield>
   <subfield code="f">--%%--</subfield>
   <subfield code="d">--%%--</subfield>
   <subfield code="e">n</subfield>
   <subfield code="j">--%%--</subfield>
   <subfield code="y">l01</subfield>
   <subfield code="z">07-04-26</subfield>
  </datafield>
  <datafield tag="981" ind1=" " ind2=" ">
   <subfield code="2">2403</subfield>
   <subfield code="1">01</subfield>
   <subfield code="x">DE-LFER</subfield>
   <subfield code="r">http://gei-digital.gei.de/cms/ppnresolver/?PPN1940327466</subfield>
  </datafield>
  <datafield tag="983" ind1=" " ind2=" ">
   <subfield code="2">216</subfield>
   <subfield code="1">00</subfield>
   <subfield code="x">DE-Bs78</subfield>
   <subfield code="8">00</subfield>
   <subfield code="a">l000</subfield>
  </datafield>
  <datafield tag="983" ind1=" " ind2=" ">
   <subfield code="2">216</subfield>
   <subfield code="1">00</subfield>
   <subfield code="x">DE-Bs78</subfield>
   <subfield code="8">00</subfield>
   <subfield code="a">s05</subfield>
  </datafield>
  <datafield tag="983" ind1=" " ind2=" ">
   <subfield code="2">216</subfield>
   <subfield code="1">00</subfield>
   <subfield code="x">DE-Bs78</subfield>
   <subfield code="8">00</subfield>
   <subfield code="a">dsb</subfield>
  </datafield>
  <datafield tag="983" ind1=" " ind2=" ">
   <subfield code="2">216</subfield>
   <subfield code="1">00</subfield>
   <subfield code="x">DE-Bs78</subfield>
   <subfield code="8">00</subfield>
   <subfield code="a">z200</subfield>
  </datafield>
  <datafield tag="995" ind1=" " ind2=" ">
   <subfield code="2">216</subfield>
   <subfield code="1">01</subfield>
   <subfield code="x">3708</subfield>
   <subfield code="a">gd15</subfield>
  </datafield>
 </record>
</collection>
